English grammar in steps / (Record no. 2324)
[ view plain ]
| 000 -LEADER | |
|---|---|
| fixed length control field | 00636nam a2200181 4500 |
| 001 - CONTROL NUMBER | |
| control field | 2896 |
| 005 - DATE AND TIME OF LATEST TRANSACTION | |
| control field | 20181127170013.0 |
| 020 00 - INTERNATIONAL STANDARD BOOK NUMBER | |
| International Standard Book Number | 8125034331 |
| 090 00 - LOCALLY ASSIGNED LC-TYPE CALL NUMBER (OCLC); LOCAL CALL NUMBER (RLIN) | |
| Classification number (OCLC) (R) ; Classification number, CALL (RLIN) (NR) | 425 B6943e 2008 |
| 100 00 - MAIN ENTRY--PERSONAL NAME | |
| Personal name | Bolton, David. |
| 245 00 - TITLE STATEMENT | |
| Title | English grammar in steps / |
| Statement of responsibility, etc. | David Bolton and Noel Goodey. |
| Medium | |
| 260 00 - PUBLICATION, DISTRIBUTION, ETC. | |
| Place of publication, distribution, etc. | New Delhi : |
| Name of publisher, distributor, etc. | Orient BlackSwan, |
| Date of publication, distribution, etc. | 2010. |
| 300 00 - PHYSICAL DESCRIPTION | |
| Extent | 343 p. : ill. |
| 500 ## - GENERAL NOTE | |
| General note | "English grammar presented, explained and practised in context" |
| 650 00 - SUBJECT ADDED ENTRY--TOPICAL TERM | |
| Topical term or geographic name entry element | English language --Grammar --Handbooks, manuals, etc. |
| General subdivision | |
| Topical term or geographic name entry element | English language --Grammar --Problems, exercises, etc. |
| General subdivision | |
| 700 ## - ADDED ENTRY--PERSONAL NAME | |
| Personal name | Goodey, Noel. |
| Numeration | |
| Titles and other words associated with a name | |
| Dates associated with a name | |
| Relator term | |
| Form subheading | |
| Language of a work | |
| Medium of performance for music | |
| Number of part/section of a work | |
| Arranged statement for music | |
| Name of part/section of a work | |
| Fuller form of name | |
| Key for music | |
| Version | |
| Title of a work | |
| Withdrawn status | Lost status | Source of classification or shelving scheme | Damaged status | Not for loan | Collection code | Home library | Current library | Shelving location | Date acquired | Serial Enumeration / chronology | Inventory number | Total Checkouts | Total Renewals | Full call number | Barcode | Date last seen | Date last checked out | Price effective from | Koha item type |
|---|---|---|---|---|---|---|---|---|---|---|---|---|---|---|---|---|---|---|---|
| Dewey Decimal Classification | Main TEST | RTC Library | RTC Library | Main opac | 09/09/2025 | 5161 | 1 | 1 | 425 BOL | 30002910 | 09/10/2025 | 09/09/2025 | 27/11/2018 | Main |